| 000 | 01529nam0a2200349 i 4500 | ||
|---|---|---|---|
| 001 | RU\NLR\BIBL_A\010472583 | ||
| 005 | 20260406113754.0 | ||
| 010 |
_a9785913730718 _9300 |
||
| 021 |
_aRU _b2014-55613 _93356 |
||
| 035 | _a(NILC)RuMoRGB-007528204 | ||
| 035 | _a(NLR Aleph) 010472583 | ||
| 090 |
_a10027420 _c10027420 |
||
| 100 | _a20141006d2014 k y0rusy50 ca | ||
| 101 | 0 | _arus | |
| 102 | _aRU | ||
| 105 | _ay|||7|||000yy | ||
| 200 | 1 |
_aН.Г. Гарин-Михайловский _eличность и творчество _eмонография _fК. Д. Гордович |
|
| 210 |
_aСанкт-Петербург _cPetronivs _d2014 |
||
| 215 |
_a311, [1] с. _cтабл. _d21 |
||
| 300 | _aНа 4-й с. обл. авт.: д.филол.н., проф. К.Д. Гордович | ||
| 320 | _aБиблиогр. в конце кн. | ||
| 600 | 1 |
_aГарин-Михайловский _bН.Г. _f1852 - 1906 _gНиколай Георгиевич _91383250 _3RU\NLR\AUTH\66267172 |
|
| 686 | 2 | _aШ5(2=Р)53-4Гарин-Михайловский | |
| 700 | 1 |
_8rus _7ca _aГордович _bК. Д. _gКира Дмитриевна _3RU\NLR\AUTH\778239 _9118151 |
|
| 702 | 1 |
_4570 _8rus _7ca _aГарин-Михайловский _bН. Г. _f1852-1906 _gНиколай Георгиевич _3RU\NLR\AUTH\77147 _9110224 |
|
| 801 | 0 |
_aRU _bРГБ _c20140731 _gRCR |
|
| 801 | 1 |
_aRU _bРГБ _c20140731 _2rusmarc |
|
| 942 | _cBOOK | ||
| 980 | _aNBR | ||